000
00359nam a22001337a 4500
020
_a
0-471-35556-9
082
_a
624.171 WES
245
_a
Fundamentals of Structural Analysis - 2nd edition
_c
Harry H. West
250
_6
2nd
260
_b
John Willey and Sons
_c
c2002
300
_a
570;p
942
_2
ddc
_c
BK
999
_c
540740
_d
540740